[Event "Oberliga Nord O 2122"]
[Site "Germany"]
[Date "2022.05.01"]
[Round "9.1"]
[White "Luther, Alexander"]
[Black "Penzold, Andreas"]
[Result "1-0"]
[WhiteElo "2065"]
[BlackElo "2389"]
[PlyCount "111"]
[EventDate "2021.10.31"]
[EventType "team-tourn"]
[EventRounds "9"]
[EventCountry "GER"]
[SourceTitle "EXT 2023"]
[Source "ChessBase"]
[SourceDate "2022.10.05"]
[SourceVersion "1"]
[SourceVersionDate "2022.10.05"]
[SourceQuality "1"]
[WhiteTeam "Guestrow/Teterow"]
[BlackTeam "Potsdam Empor"]
[WhiteTeamCountry "GER"]
[BlackTeamCountry "GER"]

1. d4 Nf6 2. c4 g6 3. Nc3 Bg7 4. e4 d6 5. f4 0-0 6. Nf3 c5 7. d5 e6 8. dxe6 fxe6 9. Bd3 Nc6 10. 0-0 Nd4 11. Nxd4 cxd4 12. Nb5 e5 13. fxe5 dxe5 14. c5 Be6 15. Bg5 a6 16. Nd6 Qc7 17. Qc2 Nd7 18. b4 h6 19. Bc4 hxg5 20. Bxe6+ Kh7 21. Nf7 Bh6 22. Qd3 g4 23. Qg3 Be3+ 24. Kh1 Kg7 25. Qh4 Rae8 26. Bd5 a5 27. Nd6 Qd8 28. Nxe8+ Qxe8 29. Rxf8 Qxf8 30. Bxb7 axb4 31. c6 Nc5 32. Qxg4 Qe7 33. Bc8 Qd6 34. Bd7 d3 35. Qf3 Bg5 36. Rd1 d2 37. Be8 Qe7 38. Qf7+ Qxf7 39. Bxf7 Na6 40. Bc4 Nc7 41. Kg1 Kf6 42. Kf2 Ke7 43. Ke2 Kd6 44. Bd5 Nb5 45. Rxd2 Nd4+ 46. Rxd4 exd4 47. Kd3 Bf4 48. g3 Be3 49. Kc4 Bg1 50. h3 Bh2 51. g4 Be5 52. h4 Bf6 53. h5 gxh5 54. gxh5 Bg7 55. Kxb4 d3 56. Kb5 1-0

[Event "BL2-Nord 1920"]
[Site "Germany"]
[Date "2019.12.07"]
[Round "5.2"]
[White "Malek, Daniel"]
[Black "Penzold, Andreas"]
[Result "0-1"]
[WhiteElo "2342"]
[BlackElo "2391"]
[PlyCount "82"]
[EventDate "2019.10.19"]
[EventType "team-tourn"]
[EventRounds "9"]
[EventCountry "GER"]
[SourceTitle "CBM 194 Extra"]
[Source "ChessBase"]
[SourceDate "2020.03.31"]
[SourceVersion "1"]
[SourceVersionDate "2020.03.31"]
[SourceQuality "1"]
[WhiteTeam "Zehlendorf"]
[BlackTeam "Potsdam Empor"]
[WhiteTeamCountry "GER"]
[BlackTeamCountry "GER"]

1. d4 Nf6 2. c4 c5 3. d5 e5 4. Nc3 d6 5. e4 Be7 6. g3 0-0 7. Bg2 a6 8. Nge2 Nbd7 9. 0-0 Ne8 10. a4 b6 11. Be3 Rb8 12. f4 Nc7 13. Qd3 Bf6 14. f5 Bg5 15. Bf2 h5 16. h4 Bh6 17. Bf3 Nf6 18. Nc1 b5 19. axb5 axb5 20. b3 bxc4 21. bxc4 Ba6 22. Rb1 Rxb1 23. Nxb1 Qb8 24. Nb3 Qb4 25. N1d2 g6 26. fxg6 fxg6 27. Rb1 Qa4 28. Kg2 Qd7 29. Be3 Bxe3 30. Qxe3 Kg7 31. Nxc5 dxc5 32. Qxc5 Bc8 33. Rh1 Ne6 34. Qe3 Nd4 35. c5 Qa4 36. Rf1 Qc2 37. c6 Bg4 38. Kg1 Bxf3 39. Nxf3 Ng4 40. Qa3 Nxf3+ 41. Rxf3 Qd1+ 0-1

[Event "BL2-Nord 1920"]
[Site "Germany"]
[Date "2019.11.24"]
[Round "4.2"]
[White "Gungl, Theo"]
[Black "Penzold, Andreas"]
[Result "1/2-1/2"]
[WhiteElo "2356"]
[BlackElo "2391"]
[PlyCount "94"]
[EventDate "2019.10.19"]
[EventType "team-tourn"]
[EventRounds "9"]
[EventCountry "GER"]
[SourceTitle "CBM 194 Extra"]
[Source "ChessBase"]
[SourceDate "2020.03.31"]
[SourceVersion "1"]
[SourceVersionDate "2020.03.31"]
[SourceQuality "1"]
[WhiteTeam "Magdeburg"]
[BlackTeam "Potsdam Empor"]
[WhiteTeamCountry "GER"]
[BlackTeamCountry "GER"]

1. d4 Nf6 2. c4 g6 3. Nc3 Bg7 4. g3 0-0 5. Bg2 c5 6. Nf3 cxd4 7. Nxd4 Nc6 8. 0-0 Nxd4 9. Qxd4 d6 10. Qd2 Be6 11. Bxb7 Rb8 12. Bg2 Bxc4 13. b3 Be6 14. Bb2 Qa5 15. Rfd1 Rfc8 16. Ne4 Qxd2 17. Rxd2 Nxe4 18. Bxe4 Bxb2 19. Rxb2 Rc5 20. Rc2 Ra5 21. Rd1 Rb4 22. Bd3 Ra3 23. Rdd2 Rb7 24. Be4 Rb6 25. Kg2 f5 26. Bd5 Kf7 27. Bxe6+ Kxe6 28. h4 Kd7 29. Kf3 a5 30. Rd4 Rc6 31. Rxc6 Kxc6 32. Rc4+ Kd7 33. Rc2 a4 34. Rb2 Kc6 35. e3 axb3 36. axb3 Kb5 37. Rc2 Ra7 38. Rc8 e5 39. Rb8+ Kc6 40. g4 fxg4+ 41. Kxg4 Rf7 42. f3 d5 43. Rc8+ Kd6 44. Rd8+ Kc5 45. Rc8+ Kd6 46. Rd8+ Kc5 47. Rc8+ Kd6 1/2-1/2

[Event "Oberliga Nord O 1819"]
[Site "Germany"]
[Date "2019.02.03"]
[Round "6.1"]
[White "Breier, Andreas"]
[Black "Penzold, Andreas"]
[Result "1/2-1/2"]
[WhiteElo "2362"]
[BlackElo "2405"]
[PlyCount "136"]
[EventDate "2018.10.21"]
[EventType "team-tourn"]
[EventRounds "9"]
[EventCountry "GER"]
[SourceTitle "EXT 2020"]
[Source "ChessBase"]
[SourceDate "2019.10.17"]
[SourceVersion "1"]
[SourceVersionDate "2019.10.17"]
[SourceQuality "1"]
[WhiteTeam "Koenig Tegel II"]
[BlackTeam "Potsdam Empor"]
[WhiteTeamCountry "GER"]
[BlackTeamCountry "GER"]

1. d4 Nf6 2. c4 g6 3. Nc3 Bg7 4. e4 d6 5. h3 e5 6. dxe5 dxe5 7. Qxd8+ Kxd8 8. Bg5 c6 9. f4 Nbd7 10. Nf3 h6 11. Bh4 Ke8 12. fxe5 Nh5 13. 0-0-0 g5 14. Bf2 Nxe5 15. Nd4 Be6 16. Nf5 Bf8 17. Nd6+ Bxd6 18. Rxd6 Ke7 19. c5 Rhd8 20. h4 g4 21. Rxd8 Rxd8 22. Be3 f6 23. Be2 Ng3 24. Rd1 Nxe2+ 25. Nxe2 Nd3+ 26. Kb1 Bxa2+ 27. Kxa2 Nb4+ 28. Kb3 Rxd1 29. Kxb4 Re1 30. Nd4 h5 31. Kc4 Kf7 32. Kd3 Rd1+ 33. Kc2 Re1 34. Kd2 Rb1 35. Kc3 Re1 36. Nf5 Ke6 37. Kd2 Rb1 38. Bd4 Rh1 39. g3 Rh2+ 40. Ke3 Kf7 41. Nd6+ Ke6 42. Nxb7 f5 43. exf5+ Kxf5 44. Nd6+ Ke6 45. Ne4 Kf5 46. Nf6 Kg6 47. Nd7 Kf5 48. Ne5 Rg2 49. Nxc6 Rxg3+ 50. Kf2 Rf3+ 51. Kg2 Ke4 52. Bc3 Kd5 53. Nxa7 Kxc5 54. b4+ Kc4 55. Be1 Ra3 56. Nc8 Ra1 57. Bf2 Kxb4 58. Nd6 Kc3 59. Nf5 Kd3 60. Ng7 Ra5 61. Ne6 Ke4 62. Nd4 Ra2 63. Ne6 Kf5 64. Nd4+ Ke4 65. Ne6 Kf5 66. Ng7+ Kg6 67. Ne6 Kf5 68. Ng7+ Kg6 1/2-1/2

[Event "WchT Seniors 50"]
[Site "Dresden"]
[Date "2018.07.11"]
[Round "5.3"]
[White "Penzold, Andreas"]
[Black "Benjamin, Joel"]
[Result "0-1"]
[WhiteElo "2389"]
[BlackElo "2544"]
[PlyCount "52"]
[EventDate "2018.07.07"]
[EventType "team-swiss"]
[EventRounds "9"]
[EventCountry "GER"]
[SourceTitle "CBM 185 Extra"]
[Source "ChessBase"]
[SourceDate "2018.07.29"]
[SourceVersion "1"]
[SourceVersionDate "2018.07.29"]
[SourceQuality "1"]
[WhiteTeam "Potsdam Empor"]
[BlackTeam "United States"]
[WhiteTeamCountry "GER"]
[BlackTeamCountry "USA"]

1. c4 e5 2. Nc3 Bb4 3. Nd5 Bc5 4. Nf3 c6 5. Nc3 d6 6. d4 exd4 7. Nxd4 Nf6 8. Nb3 Bb4 9. Qd3 Nbd7 10. a3 Ne5 11. Qg3 Bxc3+ 12. Qxc3 0-0 13. Bf4 Re8 14. Nd2 h6 15. e3 Ng6 16. Bg3 d5 17. Be2 Bg4 18. Qd4 Bxe2 19. Kxe2 Qa5 20. b4 Qa6 21. Rhc1 Rad8 22. Ke1 Ne4 23. c5 f5 24. f3 Ng5 25. Bd6 Ne6 26. Qc3 Nef4 0-1

[Event "Oberliga Nord O 1617"]
[Site "Germany"]
[Date "2017.02.19"]
[Round "6.1"]
[White "Sawlin, Leonid"]
[Black "Penzold, Andreas"]
[Result "1-0"]
[WhiteElo "2299"]
[BlackElo "2423"]
[PlyCount "77"]
[EventDate "2016.10.16"]
[EventType "team-tourn"]
[EventRounds "9"]
[EventCountry "GER"]
[SourceTitle "EXT 2018"]
[Source "ChessBase"]
[SourceDate "2017.10.13"]
[SourceVersion "1"]
[SourceVersionDate "2017.10.13"]
[SourceQuality "1"]
[WhiteTeam "Berlin Makkabi"]
[BlackTeam "Potsdam Empor"]
[WhiteTeamCountry "GER"]
[BlackTeamCountry "GER"]

1. e4 c5 2. Nf3 Nc6 3. d4 cxd4 4. Nxd4 g6 5. c4 Nf6 6. Nc3 d6 7. Be2 Nxd4 8. Qxd4 Bg7 9. Be3 0-0 10. Qd2 a5 11. b3 Nxe4 12. Nxe4 Bxa1 13. Bh6 Bg7 14. h4 Bxh6 15. Qxh6 f6 16. Bd3 Rf7 17. 0-0 a4 18. b4 Bf5 19. Rd1 a3 20. h5 Rg7 21. Qf4 Be6 22. h6 Rf7 23. Qe3 Qc8 24. Rc1 Rf8 25. Nc3 Qd7 26. Re1 Bf7 27. Qxe7 Qxe7 28. Rxe7 Rac8 29. Rxb7 Bxc4 30. Bxc4+ Rxc4 31. Nd5 Rc1+ 32. Kh2 Rd1 33. Nc3 Rd3 34. Rg7+ Kh8 35. Rc7 Rb8 36. b5 Kg8 37. Ne4 Rd4 38. Nxf6+ Kf8 39. Nd7+ 1-0

[Event "Oberliga Nord O 1617"]
[Site "Germany"]
[Date "2016.10.16"]
[Round "1.1"]
[White "Berger, Steve"]
[Black "Penzold, Andreas"]
[Result "1-0"]
[WhiteElo "2399"]
[BlackElo "2423"]
[PlyCount "73"]
[EventDate "2016.10.16"]
[EventType "team-tourn"]
[EventRounds "9"]
[EventCountry "GER"]
[SourceTitle "EXT 2018"]
[Source "ChessBase"]
[SourceDate "2017.10.13"]
[SourceVersion "1"]
[SourceVersionDate "2017.10.13"]
[SourceQuality "1"]
[WhiteTeam "Koenig Tegel"]
[BlackTeam "Potsdam Empor"]
[WhiteTeamCountry "GER"]
[BlackTeamCountry "GER"]

1. e4 Nf6 2. e5 Nd5 3. Nc3 Nxc3 4. dxc3 d6 5. Bf4 Nc6 6. Nf3 Bg4 7. h3 dxe5 8. Qxd8+ Nxd8 9. Nxe5 Be6 10. Nd3 c6 11. 0-0-0 f6 12. Be3 Bc8 13. f4 Nf7 14. g3 e6 15. Bg2 Bd6 16. Nc5 0-0 17. a4 Bc7 18. b4 Nd6 19. a5 Nc4 20. Bf2 g5 21. a6 bxa6 22. Bxc6 Rb8 23. Nd7 gxf4 24. Nxf8 Kxf8 25. Bxa7 Rb5 26. Rd4 Ne5 27. Bxb5 axb5 28. Rxf4 f5 29. Rd1 Kf7 30. Rfd4 Kg6 31. Bb8 Bxb8 32. Rd8 Nc4 33. Rxc8 Be5 34. Rd3 Kf6 35. Rc5 Nd6 36. g4 f4 37. g5+ 1-0

[Event "Oberliga Nord O 1516"]
[Site "Germany"]
[Date "2015.12.13"]
[Round "4.1"]
[White "Moeller, Hendrik"]
[Black "Penzold, Andreas"]
[Result "1/2-1/2"]
[WhiteElo "2307"]
[BlackElo "2387"]
[PlyCount "114"]
[EventDate "2015.09.20"]
[EventType "team-tourn"]
[EventRounds "9"]
[EventCountry "GER"]
[SourceTitle "CBM 170 Extra"]
[Source "ChessBase"]
[SourceDate "2016.02.25"]
[SourceVersion "1"]
[SourceVersionDate "2016.02.25"]
[SourceQuality "1"]
[WhiteTeam "Weisse Dame"]
[BlackTeam "Potsdam Empor"]
[WhiteTeamCountry "GER"]
[BlackTeamCountry "GER"]

1. e4 c5 2. Nf3 d6 3. d4 cxd4 4. Qxd4 Nc6 5. Bb5 a6 6. Bxc6+ bxc6 7. 0-0 e5 8. Qd3 Be7 9. c4 Qc7 10. Nc3 Nf6 11. Rd1 0-0 12. Bg5 Rd8 13. b4 h6 14. Bxf6 Bxf6 15. b5 axb5 16. cxb5 Ra3 17. Nd2 Be6 18. Nb3 Bg5 19. h3 Qb6 20. bxc6 Qxc6 21. Nd5 Rda8 22. Rab1 Bxd5 23. Qxd5 Qc2 24. Qd3 Rxa2 25. Qxc2 Rxc2 26. Rd3 Raa2 27. Rf1 Ra4 28. Re1 Raa2 29. Rf1 Re2 30. Rxd6 Be3 31. Rd3 Rxf2 32. Rxf2 Bxf2+ 33. Kf1 Bh4 34. g3 Be7 35. Rd7 Ra3 36. Rd3 Ra4 37. Re3 Bg5 38. Re2 Rc4 39. h4 Be7 40. Nd2 Rc3 41. Kg2 h5 42. Nf3 f6 43. Ne1 Kf7 44. Nc2 Bc5 45. Ne1 Bd4 46. Nf3 Ke6 47. Rd2 Bc5 48. Re2 g6 49. Ne1 Bd4 50. Nf3 Kd6 51. Ne1 Ra3 52. Nc2 Rb3 53. Ne1 f5 54. Nf3 fxe4 55. Nd2 Rd3 56. Nxe4+ Kd5 57. Nf6+ Ke6 1/2-1/2

[Event "Oberliga Nord O 1415"]
[Site "Germany"]
[Date "2014.09.21"]
[Round "1.1"]
[White "Popovics, Adam"]
[Black "Penzold, Andreas"]
[Result "1-0"]
[WhiteElo "2402"]
[BlackElo "2394"]
[PlyCount "55"]
[EventDate "2014.09.21"]
[EventType "team-tourn"]
[EventRounds "9"]
[EventCountry "GER"]
[SourceTitle "EXT 2016"]
[Source "ChessBase"]
[SourceDate "2015.10.08"]
[SourceVersion "1"]
[SourceVersionDate "2015.10.08"]
[SourceQuality "1"]
[WhiteTeam "Neuruppin"]
[BlackTeam "Potsdam Empor"]
[WhiteTeamCountry "GER"]
[BlackTeamCountry "GER"]

1. d4 Nf6 2. c4 g6 3. Nc3 Bg7 4. e4 d6 5. Nf3 0-0 6. Be2 e5 7. 0-0 Nbd7 8. Be3 c6 9. d5 c5 10. Ne1 a6 11. Qd2 Ne8 12. Nd3 Nc7 13. b4 b6 14. a4 f5 15. Bg5 Bf6 16. Bh6 Bg7 17. Bxg7 Kxg7 18. a5 cxb4 19. Nxb4 bxa5 20. Nc6 Qh4 21. f4 exf4 22. Rxf4 Qf6 23. Raf1 Ne5 24. exf5 gxf5 25. Ne4 Qg6 26. Qc3 Re8 27. Bh5 Qxh5 28. Nxd6 1-0

[Event "Oberliga Nord O 1314"]
[Site "Germany"]
[Date "2014.02.09"]
[Round "6.1"]
[White "Giemsa, Stephan"]
[Black "Penzold, Andreas"]
[Result "1/2-1/2"]
[WhiteElo "2321"]
[BlackElo "2376"]
[PlyCount "78"]
[EventDate "2013.10.13"]
[EventType "team-tourn"]
[EventRounds "9"]
[EventCountry "GER"]
[SourceTitle "EXT 2015"]
[Source "ChessBase"]
[SourceDate "2014.11.20"]
[SourceVersion "1"]
[SourceVersionDate "2014.11.20"]
[SourceQuality "1"]
[WhiteTeam "Koenig Tegel II"]
[BlackTeam "Potsdam Empor"]
[WhiteTeamCountry "GER"]
[BlackTeamCountry "GER"]

1. d4 Nf6 2. c4 g6 3. Nc3 Bg7 4. e4 d6 5. Bd3 0-0 6. Nge2 c5 7. d5 e6 8. 0-0 Ng4 9. h3 Ne5 10. f4 Nxd3 11. Qxd3 exd5 12. Nxd5 Nc6 13. Nec3 f5 14. Bd2 fxe4 15. Nxe4 Bf5 16. Bc3 Nd4 17. Rae1 Qh4 18. Qd2 Bxe4 19. Rxe4 Rae8 20. Rfe1 Rxe4 21. Rxe4 g5 22. Qf2 Qxf2+ 23. Kxf2 gxf4 24. Rxf4 Rxf4+ 25. Nxf4 Kf7 26. g4 Bf6 27. b3 Nc6 28. Bxf6 Kxf6 29. Nd3 b5 30. cxb5 Nd4 31. a4 Nxb3 32. Ke3 d5 33. Nf4 Ke5 34. Nd3+ Kd6 35. h4 c4 36. Nb4 Kc5 37. Na6+ Kd6 38. Nb4 Kc5 39. Na6+ Kd6 1/2-1/2

[Event "Oberliga Nord O 1314"]
[Site "Germany"]
[Date "2013.11.20"]
[Round "3.1"]
[White "Penzold, Andreas"]
[Black "Teske, Henrik"]
[Result "1/2-1/2"]
[WhiteElo "2376"]
[BlackElo "2538"]
[PlyCount "93"]
[EventDate "2013.10.13"]
[EventType "team-tourn"]
[EventRounds "9"]
[EventCountry "GER"]
[SourceTitle "EXT 2015"]
[Source "ChessBase"]
[SourceDate "2014.11.20"]
[SourceVersion "1"]
[SourceVersionDate "2014.11.20"]
[SourceQuality "1"]
[WhiteTeam "Potsdam Empor"]
[BlackTeam "Ruedersdorf"]
[WhiteTeamCountry "GER"]
[BlackTeamCountry "GER"]

1. c4 Nf6 2. Nc3 b6 3. e4 Bb7 4. e5 Ne4 5. Nxe4 Bxe4 6. Qg4 Bg6 7. Nf3 c5 8. d3 Nc6 9. Bd2 d6 10. e6 f5 11. Qf4 Qc8 12. Qe3 Nd8 13. d4 Qxe6 14. Qxe6 Nxe6 15. d5 Nc7 16. Nh4 e5 17. dxe6 Be7 18. Nxg6 hxg6 19. 0-0-0 Nxe6 20. g3 Kd7 21. Bg2 Raf8 22. Rde1 Bf6 23. h4 a6 24. Kc2 b5 25. b3 Rb8 26. Bd5 Rhe8 27. h5 gxh5 28. Rxh5 bxc4 29. Bxc4 Nd4+ 30. Kd1 Kc6 31. Rxe8 Rxe8 32. Be3 Nb5 33. a4 Nc3+ 34. Kc2 Na2 35. Bd2 Re5 36. f4 Re7 37. Rxf5 Nb4+ 38. Bxb4 cxb4 39. g4 Re3 40. Ra5 Kb7 41. g5 Bd8 42. Rf5 a5 43. Rf8 Rc3+ 44. Kd1 Bc7 45. Rf7 Kb6 46. Rf5 Kc6 47. Bb5+ 1/2-1/2

[Event "Oberliga Nord O 0405"]
[Site "Germany"]
[Date "2005.04.10"]
[Round "9.1"]
[White "Kot, Jerzy"]
[Black "Penzold, Andreas"]
[Result "1/2-1/2"]
[WhiteElo "2361"]
[BlackElo "2329"]
[PlyCount "100"]
[EventDate "2004.10.24"]
[EventType "team-tourn"]
[EventRounds "9"]
[EventCountry "GER"]
[SourceTitle "EXT 2006"]
[Source "ChessBase"]
[SourceDate "2005.11.24"]
[SourceVersion "1"]
[SourceVersionDate "2005.11.24"]
[SourceQuality "1"]
[WhiteTeam "Lasker Steglitz"]
[BlackTeam "Potsdam Empor"]
[WhiteTeamCountry "GER"]
[BlackTeamCountry "GER"]

1. e4 c5 2. Nf3 d6 3. d4 cxd4 4. Nxd4 Nf6 5. Nc3 g6 6. Be3 Bg7 7. f3 0-0 8. Bc4 Nc6 9. Qd2 Bd7 10. 0-0-0 Ne5 11. Be2 Rc8 12. Kb1 Nc4 13. Bxc4 Rxc4 14. h4 Qa5 15. Nb3 Qc7 16. h5 Rxc3 17. Qxc3 Qxc3 18. bxc3 Nxh5 19. Bxa7 Nf4 20. Bd4 Nxg2 21. Bxg7 Kxg7 22. Rd4 Ra8 23. e5 Bc6 24. exd6 exd6 25. Rxd6 Ne3 26. Rd3 Nc4 27. Nd4 Ba4 28. f4 Re8 29. f5 Re4 30. Kc1 Ne5 31. Rg3 Ng4 32. Kd2 Bd7 33. Rb1 Bc8 34. Rb5 Kf6 35. Rc5 Bxf5 36. Nxf5 gxf5 37. Rc7 b6 38. c4 Ne5 39. Rh3 Nxc4+ 40. Kc3 Ne5 41. Rxh7 f4 42. Rh6+ Kf5 43. Rxb6 f3 44. Rb5 Kf4 45. Rxe5 Rxe5 46. Rxf7+ Ke3 47. a4 Re4 48. a5 f2 49. a6 Ke2 50. a7 Ra4 1/2-1/2

[Event "Oberliga Nord O 0405"]
[Site "Germany"]
[Date "2005.02.13"]
[Round "7.1"]
[White "Waldmann, Hans Joachim"]
[Black "Penzold, Andreas"]
[Result "0-1"]
[WhiteElo "2339"]
[BlackElo "2329"]
[PlyCount "150"]
[EventDate "2004.10.24"]
[EventType "team-tourn"]
[EventRounds "9"]
[EventCountry "GER"]
[SourceTitle "EXT 2006"]
[Source "ChessBase"]
[SourceDate "2005.11.24"]
[SourceVersion "1"]
[SourceVersionDate "2005.11.24"]
[SourceQuality "1"]
[WhiteTeam "Weisse Dame"]
[BlackTeam "Potsdam Empor"]
[WhiteTeamCountry "GER"]
[BlackTeamCountry "GER"]

1. e4 c5 2. Nf3 d6 3. d4 cxd4 4. Qxd4 Nc6 5. Bb5 Bd7 6. Bxc6 Bxc6 7. Nc3 Nf6 8. Bg5 e6 9. 0-0-0 Be7 10. Rhe1 0-0 11. Qd3 Qa5 12. Bd2 Qb6 13. Be3 Qa5 14. Nd4 d5 15. e5 Nd7 16. Bd2 Qb6 17. Qg3 Rfe8 18. Bh6 Bf8 19. Re3 Kh8 20. Bf4 Rac8 21. Qh4 Qd8 22. Qh5 g6 23. Qg4 a6 24. h4 h6 25. Rh1 Bg7 26. Qf3 Kg8 27. h5 g5 28. Bg3 b5 29. Qe2 b4 30. Nd1 Qb6 31. Qd2 Ba4 32. Kb1 Rc4 33. Nb3 Rec8 34. Na1 Bxc2+ 35. Nxc2 Rxc2 36. Qxc2 Rxc2 37. Kxc2 Qd4 38. Rhe1 Nc5 39. f3 Qc4+ 40. Kb1 Nd3 41. Nf2 Nxe1 42. Rxe1 f5 43. exf6 Bxf6 44. Ng4 Bg7 45. Ne5 Qd4 46. Kc2 Bxe5 47. Rxe5 Qc4+ 48. Kd2 Kf7 49. Re1 Qd4+ 50. Kc2 a5 51. Rd1 Qc4+ 52. Kd2 Qd4+ 53. Kc2 Qc4+ 54. Kd2 Kf6 55. b3 Qc3+ 56. Ke2 Kf5 57. Bf2 g4 58. Rd3 Qa1 59. fxg4+ Kxg4 60. Rg3+ Kf5 61. Re3 e5 62. Rf3+ Ke6 63. Bh4 Qxa2+ 64. Kf1 Qa1+ 65. Kf2 e4 66. Rg3 Qd4+ 67. Ke2 a4 68. Rg6+ Kd7 69. bxa4 b3 70. Bf6 Qd3+ 71. Kf2 e3+ 72. Kf3 e2+ 73. Kf2 Qd1 74. Bc3 Qf1+ 75. Kg3 e1Q+ 0-1

[Event "Oberliga Nord O 0304"]
[Site "Germany"]
[Date "2004.01.18"]
[Round "5.1"]
[White "Waldmann, Hans Joachim"]
[Black "Penzold, Andreas"]
[Result "1/2-1/2"]
[WhiteElo "2351"]
[BlackElo "2324"]
[PlyCount "134"]
[EventDate "2003.10.12"]
[EventType "team-tourn"]
[EventRounds "9"]
[EventCountry "GER"]
[SourceTitle "EXT 2005"]
[Source "ChessBase"]
[SourceDate "2004.11.15"]
[SourceVersion "1"]
[SourceVersionDate "2004.11.15"]
[SourceQuality "1"]
[WhiteTeam "Weisse Dame"]
[BlackTeam "Potsdam Empor"]
[WhiteTeamCountry "GER"]
[BlackTeamCountry "GER"]

1. d4 Nf6 2. Nc3 d5 3. Nf3 Bg4 4. Ne5 Bh5 5. g3 Nbd7 6. Bg2 e6 7. Bf4 Nxe5 8. Bxe5 Nd7 9. Bf4 c6 10. 0-0 Be7 11. Qd2 0-0 12. e4 Nb6 13. b3 dxe4 14. Nxe4 Nd5 15. Be3 Nxe3 16. Qxe3 Qc7 17. c4 Rad8 18. Rac1 Qb6 19. c5 Qc7 20. f4 h6 21. b4 Qd7 22. Rc4 f5 23. Nd2 e5 24. fxe5 Bg5 25. Qd3 Bf7 26. d5 Bxd5 27. Rd4 Qe6 28. Bxd5 Rxd5 29. Rxd5 Qxd5 30. Qxd5+ cxd5 31. Nf3 Be3+ 32. Kg2 g6 33. Rd1 Rd8 34. Rd3 d4 35. Ne1 Rd5 36. Nc2 Rxe5 37. Nxd4 Rd5 38. Rxe3 Rxd4 39. a3 Rd2+ 40. Kf3 Kf7 41. h4 g5 42. hxg5 hxg5 43. Rc3 Ke7 44. Ke3 Rd5 45. Rc1 Kd7 46. Rh1 a5 47. Rh7+ Kc6 48. Rh6+ Kc7 49. Rf6 axb4 50. axb4 Re5+ 51. Kd3 Re4 52. Kc3 f4 53. gxf4 gxf4 54. Kb3 Kd7 55. Rb6 f3 56. Rf6 Re3+ 57. Ka4 Ke7 58. Rf4 Ke6 59. Kb5 Ke5 60. Rf8 Kd4 61. Rf7 Kd5 62. Kb6 Rb3 63. b5 Ke6 64. Rf8 Ke7 65. Rf4 Ke6 66. c6 bxc6 67. Kxc6 Ke5 1/2-1/2